La arquitectura en la Argentina

Kaydedildi:
Detaylı Bibliyografya
Yazar: Buschiazzo, Mario J (Yazar)
Materyal Türü: Kitap
Dil:İspanyolca
Baskı/Yayın Bilgisi: Buenos Aires Filmediciones Valero 1967
Konular:
Etiketler: Etiketle
Etiket eklenmemiş, İlk siz ekleyin!

MARC

LEADER 00000nam a2200000 a 4500
001 UCT1731
003 CL-VaPUC
008 961004e19670000AG |||||||||||||||||spa|d
082 0 4 |a 720.982  |b BUS  |2 21 
100 0 |a Buschiazzo, Mario J  |e author  |9 370771 
245 1 3 |a La arquitectura en la Argentina 
300 |a 82 p 
942 |c BK 
945 |d 19961004 00:00:00  |a rleighto 
260 |a Buenos Aires  |b Filmediciones Valero  |c 1967 
500 |a Incluye 48 diapositivas en colores 
650 0 |a Arquitectura colonial  |9 266240 
650 0 |a Arquitectura religiosa  |9 266677 
650 0 |a Edificios   |9 260501 
650 0 |a Vivienda  |9 258662 
650 0 |a Monumentos  |9 265246 
651 0 |a Argentina  |9 254888 
583 |a last modification  |c 19961004 00:00:00  |k Rodrigo Vera 
999 |c 252183  |d 252181 
952 |0 0  |1 0  |4 0  |6 720_982000000000000_BUS_1967  |7 0  |8 F  |9 271911  |a BIBARQ  |b BIBARQ  |d 2019-11-19  |i 3235149  |o 720.982 BUS 1967  |p 3235149  |r 2025-01-20  |w 2019-11-19  |y BK_F  |k ARQ